00415nam a2200109Ia 4500008004100000020002200041100002300063245012300086260004200209300004500251650000900296200902s9999 xx 000 0 und d a978-621-406-146-4 aMagalona, Ethel D. cEthel D. Magalona, Elline Regina M. Cruz, Evelyn Salting-Sadsad.--aUnderstanging the self :bdeveloping life skills / aManila :bMindshapers Co., Inc.c2018 ax , 182 pages :billustrations ;c26 cm. aSelf